Países con 'A' - Estadísticas

Estadísticas generales
  • Esta prueba ha sido intentada 38 veces
    37 desde el último reinicio
  • La puntuación promedio es 8 de 11
Estadísticas de respuestas
País % Correcto
Alemania
81%
Argentina
81%
Azerbaiyán
78%
Afganistán
75%
Armenia
75%
Austria
75%
Antigua y Barbuda
72%
Australia
72%
Andorra
69%
Angola
59%
Argelia
38%
No se encontraron pruebas coincidentes
Distribución de puntuación
Porcentaje de gente con cada puntuación
Porcentaje por número respondido
Historial de tus puntuaciones
No has intentado esta prueba desde el último reinicio